Maťko

Bibliographic Details
Format: Book
Language:Slovak
PhysicalDescription:8 s. 16,5x12 cm
Published: Bratislava Junior Slovart Print 1994
ISBN:8071461806
Subjects:

MARC

LEADER 00000nam a2200000 a 4500
001 vtls001239048
003 SK-MaSNL
005 20260413122127.0
008 250414s1994 xo 0 slo
020 |a 8071461806 
035 |a SNK000186057 
040 |a SNK  |b slo  |c SNK  |e AACR2 
041 0 |a slo 
044 |a xo  |c SK 
080 |a 087.5(084)  |2 1981 
245 0 0 |a Maťko  |h Grafika 
260 |a Bratislava  |b Junior Slovart Print  |c 1994 
300 |a 8 s.  |c 16,5x12 cm 
655 7 |a beztextové leporelá  |2 SNK  |9 63057 
852 |a Slovenská národná knižnica 
919 |a 80-7146-180-6 
954 |a leporelá 
958 |a DB 
958 |a LX 
958 |a TL 
999 |c 797883  |d 799813 
952 |a SNK  |b SNK  |y PREZ  |7 0  |p 17A1020686  |o snkSD 66098   |0 0  |1 0  |4 0  |d 2013-07-18  |l 0  |r 2026-02-24 01:58:34  |w 2026-02-24 
952 |t P60, <04>, [BOOK], {604}  |a SNK  |b SNK  |y VYP  |7 0  |p 17A0346857  |o snkSD 66098 D1  |i snkKSP 2691/94  |0 0  |1 0  |4 0  |d 2002-06-25  |l 0  |r 2005-01-01 00:00:00  |w 2026-02-24